Nekonvenčné metódy obrábania kovov /
Uložené v:
| Ďalší autori: | |
|---|---|
| Médium: | Kniha |
| Jazyk: | Slovak |
| Vydané: |
Bratislava :
Dom techniky Slovenskej vedeckotechnickej spoločnosti,
1972.
|
| Vydanie: | 1. vyd. |
| ISBN: |
(brož.) |
| Fyzický popis: |
109 s. |
| Tagy: |
Pridať tag
Žiadne tagy, Buďte prvý kto otaguje tento záznam!
|
Titul je dostupný aj v ... 

MARC
| LEADER | 00000nam a2200000 a 4500 | ||
|---|---|---|---|
| 001 | 000134310 | ||
| 005 | 20100822131518.0 | ||
| 008 | 980103s1972 xr slo d | ||
| 020 | |a (brož.) | ||
| 040 | |a SVKKK |b slo |c SVKKK |e AACR2 | ||
| 041 | 0 | |a slo | |
| 044 | |a xo |c SK | ||
| 245 | 0 | 0 | |a Nekonvenčné metódy obrábania kovov / |c red.: Hedviga Martinčáková. |
| 250 | |a 1. vyd. | ||
| 260 | |a Bratislava : |b Dom techniky Slovenskej vedeckotechnickej spoločnosti, |c 1972. | ||
| 300 | |a 109 s. | ||
| 700 | 1 | |a Martinčáková, Hedviga |4 com | |
| 910 | |a svkkk | ||
| 998 | |a BK | ||
| 090 | |g SCKHL |k Sklad Pribinova 3. posch. |a V.13037 |j 517220 |i 2720086652 |s Absenčne | ||
| 090 | |g SCKHL |k Sklad Pribinova 3. posch. |a V0.7943 |j 048078 |i 2720914792 |s Vyradená | ||